[Event "8th Vellmar Chess Days"]
[Site "chess24.com"]
[Date "2016.07.29"]
[Round "3"]
[White "Hering, Sven"]
[Black "Flach, Helene"]
[Result "1-0"]
[Board "30"]
[WhiteElo "1968"]
[WhiteCountry "GER"]
[WhiteFideId "24605727"]
[WhiteEloChange "4"]
[BlackElo "1712"]
[BlackCountry "GER"]
[BlackFideId "12929735"]
[BlackEloChange "-4"]

1. e4 {[%clk 1:30:53]} c5 {[%clk 1:30:53]} 2. Nc3 {[%clk 1:31:07]} e6 {[%clk
1:31:16]} 3. Nf3 {[%clk 1:31:19]} a6 {[%clk 1:31:26]} 4. d4 {[%clk 1:31:04]} cxd4
{[%clk 1:31:46]} 5. Nxd4 {[%clk 1:31:32]} Qc7 {[%clk 1:31:57]} 6. Be2 {[%clk
1:30:49]} Nf6 {[%clk 1:32:15]} 7. O-O {[%clk 1:29:44]} b6 {[%clk 1:30:43]} 8. Bf3
{[%clk 1:22:26]} Bb7 {[%clk 1:27:39]} 9. Re1 {[%clk 1:17:39]} d6 {[%clk 1:17:58]}
10. Be3 {[%clk 1:16:03]} Be7 {[%clk 1:15:28]} 11. Qd2 {[%clk 1:12:34]} Nbd7
{[%clk 1:15:15]} 12. g3 {[%clk 1:11:46]} O-O {[%clk 1:15:23]} 13. Bg2 {[%clk
1:06:17]} Nc5 {[%clk 1:14:18]} 14. f3 {[%clk 1:03:29]} Rac8 {[%clk 1:12:13]} 15.
a4 {[%clk 0:55:37]} Rfd8 {[%clk 1:08:08]} 16. Qf2 {[%clk 0:54:51]} Ncd7 {[%clk
1:02:35]} 17. Rec1 {[%clk 0:52:27]} Re8 {[%clk 0:54:17]} 18. Bf1 {[%clk 0:45:48]}
d5 {[%clk 0:51:13]} 19. exd5 {[%clk 0:44:31]} exd5 {[%clk 0:44:22]} 20. Nce2
{[%clk 0:42:18]} Bc5 {[%clk 0:42:18]} 21. c3 {[%clk 0:38:30]} Qd8 {[%clk
0:37:54]} 22. Re1 {[%clk 0:36:02]} Ne5 {[%clk 0:35:59]} 23. Rad1 {[%clk 0:35:54]}
Neg4 {[%clk 0:28:48]} 24. fxg4 {[%clk 0:34:10]} Nxg4 {[%clk 0:29:04]} 25. Qf3
{[%clk 0:31:39]} Nxe3 {[%clk 0:28:09]} 26. Rd3 {[%clk 0:31:23]} Nc4 {[%clk
0:22:34]} 27. Rdd1 {[%clk 0:26:21]} Nxb2 {[%clk 0:20:14]} 28. Ra1 {[%clk
0:26:40]} Nc4 {[%clk 0:18:47]} 29. Kh1 {[%clk 0:25:59]} Qg5 {[%clk 0:15:23]} 30.
Nf4 {[%clk 0:25:12]} Nd2 {[%clk 0:13:16]} 31. Qd3 {[%clk 0:24:51]} Nxf1 {[%clk
0:11:30]} 32. Rxf1 {[%clk 0:24:59]} Re4 {[%clk 0:10:30]} 33. Qf3 {[%clk 0:23:42]}
Rf8 {[%clk 0:09:18]} 34. Rad1 {[%clk 0:23:25]} Bxd4 {[%clk 0:08:55]} 35. Rxd4
{[%clk 0:23:26]} Rxd4 {[%clk 0:08:23]} 36. cxd4 {[%clk 0:23:54]} Qe7 {[%clk
0:08:05]} 37. Qf2 {[%clk 0:21:00]} Re8 {[%clk 0:07:34]} 38. Ng2 {[%clk 0:20:38]}
f6 {[%clk 0:06:57]} 39. Re1 {[%clk 0:20:52]} Qd7 {[%clk 0:07:04]} 40. Rb1 {[%clk
0:17:53]} b5 {[%clk 0:04:08]} 41. axb5 {[%clk 0:16:06]} axb5 {[%clk 0:04:26]} 42.
Nf4 {[%clk 0:14:43]} Qc6 {[%clk 0:03:11]} 43. Qb2 {[%clk 0:11:46]} Ba6 {[%clk
0:01:44]} 44. Rc1 {[%clk 0:11:45]} Qb6 {[%clk 0:30:49]} 45. Kg1 {[%clk 0:42:05]}
Qa5 {[%clk 0:26:29]} 46. Kf2 {[%clk 0:38:49]} Bb7 {[%clk 0:24:09]} 47. Rb1 {[%clk
0:35:30]} Bc6 {[%clk 0:23:33]} 48. Rc1 {[%clk 0:34:17]} Qb6 {[%clk 0:20:39]} 49.
Rc5 {[%clk 0:33:26]} Qb7 {[%clk 0:15:02]} 50. Qc2 {[%clk 0:32:50]} g5 {[%clk
0:10:08]} 51. Rxc6 {[%clk 0:33:07]} Qe7 {[%clk 0:05:21]} 52. Re6 {[%clk 0:32:23]}
Qf7 {[%clk 0:04:34]} 53. Rxe8+ {[%clk 0:32:40]} Qxe8 {[%clk 0:04:58]} 54. Nxd5
{[%clk 0:32:55]} Qe6 {[%clk 0:04:47]} 55. Qe4 {[%clk 0:26:09]} Qf7 {[%clk
0:03:00]} 56. Ke3 {[%clk 0:21:51]} Kg7 {[%clk 0:02:22]} 57. Qe7 {[%clk 0:22:07]}
Qxe7+ {[%clk 0:01:46]} 58. Nxe7 {[%clk 0:22:35]} Kf7 {[%clk 0:02:08]} 59. Nf5
{[%clk 0:21:44]} Ke6 {[%clk 0:01:48]} 60. Ke4 {[%clk 0:21:37]} 1-0

[Event "8th Vellmar Chess Days"]
[Site "chess24.com"]
[Date "2016.07.29"]
[Round "3"]
[White "Bajorski, Marius"]
[Black "Schirra, Maurice"]
[Result "1/2-1/2"]
[Board "32"]
[WhiteElo "1753"]
[WhiteCountry "GER"]
[WhiteFideId "12938831"]
[WhiteEloChange "5"]
[BlackElo "1947"]
[BlackCountry "GER"]
[BlackFideId "12941115"]
[BlackEloChange "-5"]

1. e4 {[%clk 1:28:14]} e5 {[%clk 1:29:07]} 2. Nf3 {[%clk 1:28:40]} Nf6 {[%clk
1:29:29]} 3. Nxe5 {[%clk 1:29:00]} d6 {[%clk 1:29:54]} 4. Nf3 {[%clk 1:29:27]}
Nxe4 {[%clk 1:30:18]} 5. d4 {[%clk 1:29:34]} d5 {[%clk 1:30:41]} 6. Bd3 {[%clk
1:29:50]} Bd6 {[%clk 1:31:04]} 7. O-O {[%clk 1:30:08]} O-O {[%clk 1:31:26]} 8. c4
{[%clk 1:29:43]} c6 {[%clk 1:31:48]} 9. Qc2 {[%clk 1:29:53]} f5 {[%clk 1:29:09]}
10. Nc3 {[%clk 1:23:07]} Bc7 {[%clk 1:25:30]} 11. cxd5 {[%clk 1:21:57]} Nxc3
{[%clk 1:24:52]} 12. Qxc3 {[%clk 1:19:59]} cxd5 {[%clk 1:25:02]} 13. Bg5 {[%clk
1:18:26]} Qd6 {[%clk 1:22:41]} 14. Rac1 {[%clk 1:11:38]} Nc6 {[%clk 1:17:26]} 15.
Ne5 {[%clk 1:06:40]} Bd7 {[%clk 1:14:48]} 16. Bf4 {[%clk 1:01:53]} Qe6 {[%clk
0:56:13]} 17. Nxd7 {[%clk 0:56:26]} Qxd7 {[%clk 0:56:18]} 18. Bxc7 {[%clk
0:56:39]} Qxc7 {[%clk 0:56:41]} 19. Bb5 {[%clk 0:44:45]} Rac8 {[%clk 0:51:58]}
20. Bxc6 {[%clk 0:44:16]} Qxc6 {[%clk 0:52:20]} 21. Qxc6 {[%clk 0:44:31]} Rxc6
{[%clk 0:52:44]} 22. Rxc6 {[%clk 0:44:55]} bxc6 {[%clk 0:53:09]} 23. Re1 {[%clk
0:42:25]} Rb8 {[%clk 0:50:07]} 24. b3 {[%clk 0:42:43]} Kf7 {[%clk 0:44:26]} 25.
f4 {[%clk 0:35:46]} Rb4 {[%clk 0:40:35]} 26. Rd1 {[%clk 0:33:45]} a5 {[%clk
0:39:07]} 27. Kf2 {[%clk 0:27:56]} a4 {[%clk 0:35:40]} 28. bxa4 {[%clk 0:22:34]}
Rb2+ {[%clk 0:34:16]} 29. Ke3 {[%clk 0:22:57]} Rxa2 {[%clk 0:34:37]} 30. Rc1
{[%clk 0:23:19]} Ra3+ {[%clk 0:35:02]} 31. Ke2 {[%clk 0:15:57]} Rxa4 {[%clk
0:34:56]} 32. Rxc6 {[%clk 0:15:28]} Rxd4 {[%clk 0:35:05]} 33. Rc7+ {[%clk
0:14:50]} Kg6 {[%clk 0:35:06]} 34. Rc6+ {[%clk 0:15:01]} Kh5 {[%clk 0:35:23]} 35.
Rc7 {[%clk 0:15:14]} Kh6 {[%clk 0:35:46]} 36. Rd7 {[%clk 0:14:10]} Re4+ {[%clk
0:33:56]} 37. Kf3 {[%clk 0:11:16]} d4 {[%clk 0:31:45]} 38. g3 {[%clk 0:11:28]}
Kg6 {[%clk 0:31:18]} 39. Kf2 {[%clk 0:05:17]} Kf6 {[%clk 0:27:22]} 40. Kf3 {[%clk
0:05:35]} h6 {[%clk 0:26:36]} 41. Rd8 {[%clk 0:26:55]} g5 {[%clk 0:38:12]} 42.
Rf8+ {[%clk 0:18:43]} Ke6 {[%clk 0:37:54]} 43. Rd8 {[%clk 0:11:29]} gxf4 {[%clk
0:28:25]} 44. gxf4 {[%clk 0:11:43]} Kf6 {[%clk 0:22:12]} 45. Rd6+ {[%clk
0:11:13]} Kg7 {[%clk 0:21:49]} 46. Kg3 {[%clk 0:10:22]} h5 {[%clk 0:20:49]} 47.
Rd7+ {[%clk 0:09:09]} Kf6 {[%clk 0:20:36]} 48. Rd6+ {[%clk 0:09:08]} Ke7 {[%clk
0:20:26]} 49. Rd5 {[%clk 0:08:46]} Ke6 {[%clk 0:20:31]} 50. Rd8 {[%clk 0:09:11]}
h4+ {[%clk 0:18:59]} 51. Kf3 {[%clk 0:09:23]} Re3+ {[%clk 0:13:07]} 52. Kf2
{[%clk 0:09:44]} Re4 {[%clk 0:12:24]} 53. Kf3 {[%clk 0:10:10]} h3 {[%clk
0:12:45]} 54. Kg3 {[%clk 0:10:20]} Re3+ {[%clk 0:13:05]} 55. Kf2 {[%clk 0:10:46]}
Rd3 {[%clk 0:13:31]} 56. Ke2 {[%clk 0:10:59]} 1/2-1/2

[Event "8th Vellmar Chess Days"]
[Site "chess24.com"]
[Date "2016.07.29"]
[Round "3"]
[White "Helbing, Mathias"]
[Black "Helmer, Andreas"]
[Result "1-0"]
[Board "33"]
[WhiteElo "1947"]
[WhiteCountry "GER"]
[WhiteFideId "24608971"]
[WhiteEloChange "3"]
[BlackElo "1630"]
[BlackCountry "GER"]
[BlackFideId "12956627"]
[BlackEloChange "-3"]

1. Nf3 {[%clk 1:30:50]} d5 {[%clk 1:30:46]} 2. c4 {[%clk 1:31:02]} e6 {[%clk
1:30:34]} 3. b3 {[%clk 1:31:27]} Nf6 {[%clk 1:30:45]} 4. g3 {[%clk 1:31:51]} b6
{[%clk 1:30:54]} 5. Bg2 {[%clk 1:32:16]} Bb7 {[%clk 1:31:17]} 6. O-O {[%clk
1:32:38]} g6 {[%clk 1:30:28]} 7. Ba3 {[%clk 1:30:05]} Bg7 {[%clk 1:29:39]} 8. d4
{[%clk 1:29:55]} Nbd7 {[%clk 1:29:10]} 9. Nc3 {[%clk 1:25:51]} Rc8 {[%clk
1:26:10]} 10. Rc1 {[%clk 1:24:37]} a6 {[%clk 1:25:50]} 11. e4 {[%clk 1:11:39]} c5
{[%clk 1:18:49]} 12. exd5 {[%clk 0:59:23]} O-O {[%clk 1:07:17]} 13. dxe6 {[%clk
0:58:30]} fxe6 {[%clk 1:06:57]} 14. Bh3 {[%clk 0:48:35]} Re8 {[%clk 1:00:09]} 15.
Ng5 {[%clk 0:47:07]} Nf8 {[%clk 0:59:12]} 16. dxc5 {[%clk 0:46:20]} N6d7 {[%clk
0:56:18]} 17. Nge4 {[%clk 0:40:57]} Be5 {[%clk 0:52:55]} 18. Nd6 {[%clk 0:34:56]}
Bxd6 {[%clk 0:52:37]} 19. cxd6 {[%clk 0:35:17]} Qf6 {[%clk 0:49:42]} 20. Bg2
{[%clk 0:34:34]} Bxg2 {[%clk 0:49:13]} 21. Kxg2 {[%clk 0:34:58]} Ne5 {[%clk
0:49:02]} 22. f4 {[%clk 0:32:28]} Ned7 {[%clk 0:47:09]} 23. Ne4 {[%clk 0:32:26]}
Qf5 {[%clk 0:45:52]} 24. Qf3 {[%clk 0:29:18]} Qa5 {[%clk 0:42:25]} 25. b4 {[%clk
0:29:17]} Qa4 {[%clk 0:36:23]} 26. c5 {[%clk 0:29:23]} bxc5 {[%clk 0:35:53]} 27.
bxc5 {[%clk 0:29:25]} Rc6 {[%clk 0:31:43]} 28. Nc3 {[%clk 0:21:35]} Qxa3 {[%clk
0:21:12]} 29. Qxc6 {[%clk 0:20:41]} Rb8 {[%clk 0:20:44]} 30. Ne4 {[%clk 0:16:19]}
Rb2+ {[%clk 0:16:54]} 31. Nf2 {[%clk 0:15:41]} Qxa2 {[%clk 0:16:32]} 32. Qf3
{[%clk 0:15:54]} Rc2 {[%clk 0:11:53]} 33. c6 {[%clk 0:15:22]} 1-0

[Event "8th Vellmar Chess Days"]
[Site "chess24.com"]
[Date "2016.07.29"]
[Round "3"]
[White "Kuschel, Heidi"]
[Black "Kelm, Daniel"]
[Result "0-1"]
[Board "34"]
[WhiteElo "1730"]
[WhiteCountry "GER"]
[WhiteFideId "12974587"]
[WhiteEloChange "-5"]
[BlackElo "1944"]
[BlackCountry "GER"]
[BlackFideId "12917095"]
[BlackEloChange "5"]

1. Nf3 {[%clk 1:30:55]} b6 {[%clk 1:30:35]} 2. g3 {[%clk 1:30:39]} Bb7 {[%clk
1:30:52]} 3. Bg2 {[%clk 1:31:03]} e6 {[%clk 1:30:44]} 4. c4 {[%clk 1:30:45]} Nf6
{[%clk 1:30:33]} 5. O-O {[%clk 1:31:06]} Be7 {[%clk 1:29:32]} 6. b3 {[%clk
1:31:14]} O-O {[%clk 1:28:55]} 7. Bb2 {[%clk 1:31:40]} c5 {[%clk 1:28:17]} 8. Nc3
{[%clk 1:28:26]} d6 {[%clk 1:27:24]} 9. e3 {[%clk 1:18:57]} Nbd7 {[%clk 1:22:55]}
10. d4 {[%clk 1:11:18]} cxd4 {[%clk 1:20:04]} 11. Nxd4 {[%clk 1:09:32]} Bxg2
{[%clk 1:18:57]} 12. Kxg2 {[%clk 1:09:59]} Qc8 {[%clk 1:09:03]} 13. f4 {[%clk
1:06:12]} Nc5 {[%clk 1:03:32]} 14. Qf3 {[%clk 1:04:13]} d5 {[%clk 1:00:31]} 15.
cxd5 {[%clk 0:57:03]} Nd3 {[%clk 0:57:44]} 16. Qe2 {[%clk 0:57:32]} Nxb2 {[%clk
0:56:33]} 17. Qxb2 {[%clk 0:57:25]} exd5 {[%clk 0:56:23]} 18. Rac1 {[%clk
0:55:26]} Qb7 {[%clk 0:55:07]} 19. Kg1 {[%clk 0:50:52]} a5 {[%clk 0:55:16]} 20.
a4 {[%clk 0:46:00]} Bc5 {[%clk 0:49:16]} 21. Ncb5 {[%clk 0:46:08]} Rfe8 {[%clk
0:47:51]} 22. Rfe1 {[%clk 0:45:11]} Qd7 {[%clk 0:45:10]} 23. Re2 {[%clk 0:38:21]}
Re7 {[%clk 0:38:26]} 24. Rce1 {[%clk 0:36:42]} Rae8 {[%clk 0:38:35]} 25. Kg2
{[%clk 0:33:31]} Bb4 {[%clk 0:33:00]} 26. Nc3 {[%clk 0:32:46]} Ne4 {[%clk
0:32:10]} 27. Ndb5 {[%clk 0:31:34]} Qc6 {[%clk 0:31:23]} 28. Nxd5 {[%clk
0:19:30]} Qxd5 {[%clk 0:30:43]} 0-1

[Event "8th Vellmar Chess Days"]
[Site "chess24.com"]
[Date "2016.07.29"]
[Round "3"]
[White "Ziegenfuss, Antonia"]
[Black "Henkemeier, Michael"]
[Result "0-1"]
[Board "35"]
[WhiteElo "1728"]
[WhiteCountry "GER"]
[WhiteFideId "12962554"]
[WhiteEloChange "-5"]
[BlackElo "1942"]
[BlackCountry "GER"]
[BlackFideId "24611379"]
[BlackEloChange "5"]

1. e4 {[%clk 1:30:57]} c6 {[%clk 1:30:51]} 2. d4 {[%clk 1:31:16]} d5 {[%clk
1:31:16]} 3. e5 {[%clk 1:31:39]} c5 {[%clk 1:31:33]} 4. c3 {[%clk 1:24:09]} Nc6
{[%clk 1:31:28]} 5. Nf3 {[%clk 1:24:27]} Bg4 {[%clk 1:31:23]} 6. Be2 {[%clk
1:23:53]} e6 {[%clk 1:30:48]} 7. O-O {[%clk 1:23:25]} Bxf3 {[%clk 1:29:22]} 8.
Bxf3 {[%clk 1:23:35]} Nge7 {[%clk 1:27:13]} 9. Be3 {[%clk 1:18:17]} Nf5 {[%clk
1:26:11]} 10. Bg4 {[%clk 1:08:54]} Nxe3 {[%clk 1:17:41]} 11. fxe3 {[%clk
1:09:19]} Be7 {[%clk 1:13:36]} 12. a3 {[%clk 1:04:41]} O-O {[%clk 1:08:16]} 13.
b4 {[%clk 1:03:03]} cxb4 {[%clk 1:07:33]} 14. cxb4 {[%clk 1:03:26]} Bg5 {[%clk
1:05:02]} 15. Qe2 {[%clk 0:58:21]} Qb6 {[%clk 1:04:43]} 16. Nc3 {[%clk 0:53:37]}
Nxd4 {[%clk 1:02:40]} 17. exd4 {[%clk 0:52:57]} Qxd4+ {[%clk 1:02:41]} 18. Kh1
{[%clk 0:53:19]} Qxc3 {[%clk 1:02:37]} 19. Qe1 {[%clk 0:42:47]} Rac8 {[%clk
1:01:17]} 20. Rf3 {[%clk 0:35:27]} Qd4 {[%clk 0:58:56]} 21. Bh3 {[%clk 0:34:34]}
Rc7 {[%clk 0:57:44]} 22. Rd1 {[%clk 0:33:04]} Qb2 {[%clk 0:54:00]} 23. Qg3 {[%clk
0:31:04]} Rc1 {[%clk 0:51:41]} 24. Rff1 {[%clk 0:27:58]} Rxd1 {[%clk 0:50:23]}
25. Rxd1 {[%clk 0:28:23]} h6 {[%clk 0:50:05]} 26. Rf1 {[%clk 0:27:15]} Qe2 {[%clk
0:49:50]} 27. Re1 {[%clk 0:26:39]} Qc4 {[%clk 0:49:10]} 28. Qf3 {[%clk 0:24:38]}
Rc8 {[%clk 0:48:31]} 29. g3 {[%clk 0:18:03]} Qc3 {[%clk 0:48:19]} 30. Rf1 {[%clk
0:17:00]} Qxf3+ {[%clk 0:46:39]} 31. Rxf3 {[%clk 0:17:26]} Rc1+ {[%clk 0:46:29]}
32. Kg2 {[%clk 0:17:30]} d4 {[%clk 0:46:46]} 33. Rd3 {[%clk 0:14:46]} Be3 {[%clk
0:46:52]} 34. Bg4 {[%clk 0:14:23]} Rc2+ {[%clk 0:45:43]} 35. Kh1 {[%clk 0:14:22]}
Rd2 {[%clk 0:44:12]} 36. Rxd2 {[%clk 0:13:28]} Bxd2 {[%clk 0:44:36]} 37. Kg2
{[%clk 0:13:34]} Kf8 {[%clk 0:43:24]} 38. Kf3 {[%clk 0:13:25]} Ke7 {[%clk
0:43:32]} 39. Ke4 {[%clk 0:13:08]} Be3 {[%clk 0:41:09]} 40. Be2 {[%clk 0:11:30]}
f6 {[%clk 0:29:09]} 41. g4 {[%clk 0:08:45]} Bc1 {[%clk 0:28:13]} 42. a4 {[%clk
0:08:53]} Bb2 {[%clk 0:28:07]} 43. Bd3 {[%clk 0:07:29]} Bc3 {[%clk 0:27:15]} 44.
b5 {[%clk 0:07:48]} Kd7 {[%clk 0:26:34]} 45. h3 {[%clk 0:07:04]} Ke7 {[%clk
0:17:07]} 46. Kf4 {[%clk 0:04:26]} Kf7 {[%clk 0:16:35]} 47. Ke4 {[%clk 0:03:26]}
fxe5 {[%clk 0:10:35]} 48. Kxe5 {[%clk 0:03:51]} Ke7 {[%clk 0:11:01]} 49. Ke4
{[%clk 0:03:07]} Kd6 {[%clk 0:11:29]} 50. Be2 {[%clk 0:02:43]} Bb2 {[%clk
0:11:06]} 51. Bf3 {[%clk 0:26:25]} Kc5 {[%clk 0:36:55]} 52. Kd3 {[%clk 0:26:08]}
b6 {[%clk 0:37:05]} 53. Be2 {[%clk 0:23:10]} Kd5 {[%clk 0:34:30]} 54. h4 {[%clk
0:21:21]} Ke5 {[%clk 0:34:20]} 55. h5 {[%clk 0:21:29]} Kf4 {[%clk 0:34:42]} 56.
Bd1 {[%clk 0:15:26]} e5 {[%clk 0:34:36]} 57. Kc2 {[%clk 0:15:10]} Bc3 {[%clk
0:34:45]} 58. Be2 {[%clk 0:14:12]} Ke3 {[%clk 0:34:55]} 59. Bc4 {[%clk 0:13:37]}
e4 {[%clk 0:31:54]} 60. Bd5 {[%clk 0:12:25]} Bb4 {[%clk 0:31:31]} 61. Bc6 {[%clk
0:09:22]} d3+ {[%clk 0:31:11]} 62. Kd1 {[%clk 0:09:34]} Kf4 {[%clk 0:31:11]} 0-1

[Event "8th Vellmar Chess Days"]
[Site "chess24.com"]
[Date "2016.07.29"]
[Round "3"]
[White "Salecker, Phil"]
[Black "Hufendiek, Ekkehard"]
[Result "0-1"]
[Board "36"]
[WhiteElo "1704"]
[WhiteCountry "GER"]
[WhiteFideId "16216580"]
[WhiteEloChange "-5"]
[BlackElo "1914"]
[BlackCountry "GER"]
[BlackFideId "4650190"]
[BlackEloChange "5"]

1. c4 {[%clk 1:30:30]} e5 {[%clk 1:30:30]} 2. Nc3 {[%clk 1:30:56]} Nc6 {[%clk
1:30:53]} 3. g3 {[%clk 1:31:17]} f5 {[%clk 1:30:53]} 4. e4 {[%clk 1:27:06]} Nf6
{[%clk 1:31:12]} 5. Bg2 {[%clk 1:27:06]} Bc5 {[%clk 1:31:12]} 6. exf5 {[%clk
1:27:24]} d6 {[%clk 1:31:12]} 7. g4 {[%clk 1:27:49]} O-O {[%clk 1:31:29]} 8. h3
{[%clk 1:28:07]} g6 {[%clk 1:31:29]} 9. fxg6 {[%clk 1:28:07]} Bxf2+ {[%clk
1:31:29]} 10. Kf1 {[%clk 1:28:07]} Bd4 {[%clk 1:31:49]} 11. gxh7+ {[%clk
1:28:07]} Nxh7+ {[%clk 1:31:49]} 12. Nf3 {[%clk 1:28:24]} Bxc3 {[%clk 1:31:49]}
13. dxc3 {[%clk 1:28:45]} Be6 {[%clk 1:32:13]} 14. Qd3 {[%clk 1:29:07]} e4 {[%clk
1:32:13]} 15. Qxe4 {[%clk 1:29:33]} Ne5 {[%clk 1:32:13]} 16. b3 {[%clk 1:29:49]}
Bd7 {[%clk 1:32:13]} 17. Bh6 {[%clk 1:29:49]} Rf7 {[%clk 1:32:34]} 18. Kg1 {[%clk
1:29:49]} Bc6 {[%clk 1:32:50]} 19. Qc2 {[%clk 1:29:49]} Bxf3 {[%clk 1:32:50]} 20.
Re1 {[%clk 1:29:49]} Qf6 {[%clk 1:33:14]} 21. Qd2 {[%clk 1:29:49]} Bxg2 {[%clk
1:33:38]} 22. g5 {[%clk 1:29:49]} Bxh1 {[%clk 1:33:57]} 23. gxf6 {[%clk 1:29:49]}
Nf3+ {[%clk 1:33:57]} 24. Kxh1 {[%clk 1:30:05]} Nxd2 {[%clk 1:33:57]} 25. Rg1+
{[%clk 1:30:05]} Kh8 {[%clk 1:33:57]} 26. Bxd2 {[%clk 1:30:21]} Nxf6 {[%clk
1:34:17]} 27. Be3 {[%clk 1:30:21]} Kh7 {[%clk 1:34:17]} 28. Rf1 {[%clk 1:30:44]}
Raf8 {[%clk 1:34:42]} 29. Rf4 {[%clk 1:31:04]} Nh5 {[%clk 1:34:42]} 30. Rh4
{[%clk 1:31:20]} Rf5 {[%clk 1:34:42]} 31. Kh2 {[%clk 1:31:20]} R8f7 {[%clk
1:34:42]} 0-1

[Event "8th Vellmar Chess Days"]
[Site "chess24.com"]
[Date "2016.07.29"]
[Round "3"]
[White "Kaufmann, Gunther"]
[Black "Kobs, Stephan"]
[Result "0-1"]
[Board "37"]
[WhiteElo "1829"]
[WhiteTeam "SG Donautal Tuttlingen"]
[WhiteCountry "GER"]
[WhiteFideId "4669509"]
[WhiteEloChange "-7"]
[BlackElo "1933"]
[BlackTeam "SV Esens"]
[BlackCountry "GER"]
[BlackFideId "4684656"]
[BlackEloChange "7"]

1. e4 {[%clk 1:30:30]} c5 {[%clk 1:30:30]} 2. Nf3 {[%clk 1:30:30]} d6 {[%clk
1:30:30]} 3. d4 {[%clk 1:30:30]} cxd4 {[%clk 1:30:30]} 4. Nxd4 {[%clk 1:30:30]}
Nf6 {[%clk 1:30:30]} 5. Nc3 {[%clk 1:30:30]} a6 {[%clk 1:30:30]} 6. h3 {[%clk
1:30:30]} e6 {[%clk 1:30:30]} 7. Be3 {[%clk 1:30:30]} Be7 {[%clk 1:30:30]} 8. Bd3
{[%clk 1:30:30]} b5 {[%clk 1:30:30]} 9. g4 {[%clk 1:30:30]} b4 {[%clk 1:30:30]}
10. Nce2 {[%clk 1:30:30]} Bb7 {[%clk 1:30:30]} 11. f3 {[%clk 1:30:30]} d5 {[%clk
1:30:30]} 12. Ng3 {[%clk 1:30:30]} dxe4 {[%clk 1:30:30]} 13. fxe4 {[%clk
1:30:30]} Nc6 {[%clk 1:30:30]} 14. Nxc6 {[%clk 1:30:30]} Bxc6 {[%clk 1:30:30]}
15. g5 {[%clk 1:30:30]} Nd7 {[%clk 1:30:30]} 16. Qh5 {[%clk 1:30:30]} g6 {[%clk
1:30:30]} 17. Qh6 {[%clk 1:30:30]} Bf8 {[%clk 1:30:30]} 18. Qh4 {[%clk 1:30:30]}
Bg7 {[%clk 1:30:30]} 19. O-O-O {[%clk 1:30:30]} Qa5 {[%clk 1:30:30]} 20. Bc4
{[%clk 1:30:30]} Ne5 {[%clk 1:30:30]} 21. Bb3 {[%clk 1:30:30]} O-O {[%clk
1:30:30]} 22. Qf4 {[%clk 1:30:30]} Ba4 {[%clk 1:30:30]} 23. Bxa4 {[%clk 1:30:30]}
Qxa4 {[%clk 1:30:30]} 24. Kb1 {[%clk 1:30:30]} Rac8 {[%clk 1:30:30]} 25. Qf2
{[%clk 1:30:30]} Nc4 {[%clk 1:30:30]} 26. Bd4 {[%clk 1:30:30]} e5 {[%clk
1:30:30]} 27. Bc5 {[%clk 1:30:30]} Rfd8 {[%clk 1:30:30]} 28. Rhf1 {[%clk
1:30:30]} Rxd1+ {[%clk 1:30:30]} 29. Rxd1 {[%clk 1:30:30]} a5 {[%clk 1:30:30]}
30. Be7 {[%clk 1:30:30]} Qc6 {[%clk 1:30:30]} 31. Rf1 {[%clk 1:30:30]} Qe6 {[%clk
1:30:30]} 32. Bf6 {[%clk 1:30:30]} a4 {[%clk 1:30:30]} 33. Rd1 {[%clk 1:30:30]}
Na5 {[%clk 1:30:30]} 34. Qa7 {[%clk 1:30:30]} Nc6 {[%clk 1:30:30]} 35. Qxa4
{[%clk 1:30:30]} Bxf6 {[%clk 1:30:30]} 36. gxf6 {[%clk 1:30:30]} Qxf6 {[%clk
1:30:30]} 37. Qa6 {[%clk 1:30:30]} Qe6 {[%clk 1:30:30]} 38. Qf1 {[%clk 1:30:30]}
Nd4 {[%clk 1:30:30]} 39. Rd2 {[%clk 1:30:30]} Ra8 {[%clk 1:30:30]} 40. b3 {[%clk
1:30:30]} Qb6 {[%clk 1:30:30]} 41. Qc1 {[%clk 1:30:30]} Nb5 {[%clk 1:30:30]} 42.
Ne2 {[%clk 1:30:30]} Qa5 {[%clk 1:30:30]} 43. Qb2 {[%clk 1:30:30]} Nc3+ {[%clk
1:30:30]} 0-1

[Event "8th Vellmar Chess Days"]
[Site "chess24.com"]
[Date "2016.07.29"]
[Round "3"]
[White "Langjahr, Marius"]
[Black "Mueller, Mark"]
[Result "1-0"]
[Board "38"]
[WhiteElo "1812"]
[WhiteTeam "SK Sachsenheim"]
[WhiteCountry "GER"]
[WhiteFideId "12974625"]
[WhiteEloChange "13"]
[BlackElo "1932"]
[BlackTeam "SC Diez"]
[BlackCountry "GER"]
[BlackFideId "12997218"]
[BlackEloChange "-13"]

1. d4 {[%clk 1:30:30]} Nf6 {[%clk 1:30:30]} 2. c4 {[%clk 1:30:30]} c5 {[%clk
1:30:30]} 3. d5 {[%clk 1:30:30]} b5 {[%clk 1:30:30]} 4. cxb5 {[%clk 1:30:30]} a6
{[%clk 1:30:30]} 5. b6 {[%clk 1:30:30]} Qxb6 {[%clk 1:30:30]} 6. Nc3 {[%clk
1:30:30]} d6 {[%clk 1:30:30]} 7. e4 {[%clk 1:30:30]} g6 {[%clk 1:30:30]} 8. Nf3
{[%clk 1:30:30]} Bg7 {[%clk 1:30:30]} 9. Nd2 {[%clk 1:30:30]} Nbd7 {[%clk
1:30:30]} 10. a4 {[%clk 1:30:30]} O-O {[%clk 1:30:30]} 11. Nc4 {[%clk 1:30:30]}
Qc7 {[%clk 1:30:30]} 12. a5 {[%clk 1:30:30]} Bb7 {[%clk 1:30:30]} 13. f4 {[%clk
1:30:30]} Ne8 {[%clk 1:30:30]} 14. g4 {[%clk 1:30:30]} e6 {[%clk 1:30:30]} 15.
Bg2 {[%clk 1:30:30]} Bxc3+ {[%clk 1:30:30]} 16. bxc3 {[%clk 1:30:30]} exd5 {[%clk
1:30:30]} 17. exd5 {[%clk 1:30:30]} Nef6 {[%clk 1:30:30]} 18. O-O {[%clk
1:30:30]} Rae8 {[%clk 1:30:30]} 19. g5 {[%clk 1:30:30]} Nh5 {[%clk 1:30:30]} 20.
f5 {[%clk 1:30:30]} f6 {[%clk 1:30:30]} 21. fxg6 {[%clk 1:30:30]} hxg6 {[%clk
1:30:30]} 22. Qd3 {[%clk 1:30:30]} Kg7 {[%clk 1:30:30]} 23. Be4 {[%clk 1:30:30]}
f5 {[%clk 1:30:30]} 24. Bf3 {[%clk 1:30:30]} Ne5 {[%clk 1:30:30]} 25. Nxe5 {[%clk
1:30:30]} Rxe5 {[%clk 1:30:30]} 26. c4 {[%clk 1:30:30]} Kg8 {[%clk 1:30:30]} 27.
Bb2 {[%clk 1:30:30]} Ree8 {[%clk 1:30:30]} 28. Bxh5 {[%clk 1:30:30]} gxh5 {[%clk
1:30:30]} 29. Rxf5 {[%clk 1:30:30]} Rxf5 {[%clk 1:30:30]} 30. Qxf5 {[%clk
1:30:30]} Qf7 {[%clk 1:30:30]} 31. Qxf7+ {[%clk 1:30:30]} Kxf7 {[%clk 1:30:30]}
32. Rf1+ {[%clk 1:30:30]} Kg6 {[%clk 1:30:30]} 33. h4 {[%clk 1:30:30]} Bc8 {[%clk
1:30:30]} 34. Rf6+ {[%clk 1:30:30]} Kh7 {[%clk 1:30:30]} 35. Rh6+ {[%clk
1:30:30]} Kg8 {[%clk 1:30:30]} 36. Rh8+ {[%clk 1:30:30]} Kf7 {[%clk 1:30:30]} 37.
g6+ {[%clk 1:30:30]} 1-0